00871nam a2200205 a 4500001001000000005001700010008004100027020001500068050002400083100002300107245016600130260005800296300004200354500004500396504003200441600004400473610004800517650002600565650007400591BRCA_148420190320203441.0900123s1988 caua---##b---#001-0#eng-# a0295966726 4aNK8988.3b.C37 19881 aCarroll, Diane Lee10aLooms and Textiles of the CoptsbFirst Millennium Egyptian Textiles in the Carl Austin Rietz Collection of the California Academy of SciencescDiane Lee Carroll. a[San Francisco]bCalifornia Academy of Sciencesc1988 a201 p.bil. (algunas a color)c28 cm. aIncluye índice alfabético y glosario aBibliografía : p. 187-19214aReitz, Carl AustinxColecciones de arte24aCalifornia Academy of SciencesvCatálogos14aTextilesvCatálogos14aTelasvCatálogosxColecciones privadaszCalifornia (Estados Unidos)